| 000 | 01463nam a22002417a 4500 | ||
|---|---|---|---|
| 003 | UA-OsUOA | ||
| 001 | 64268 | ||
| 007 | ta | ||
| 008 | 20091103b un ||||| |||| 00| 0 ukr d | ||
| 090 | _a821.161.1 | ||
| 942 | _cBK | ||
| 040 |
_aUA-OsUOA _brus _cUA-OsUOA _dUA-OsUOA |
||
| 245 |
_aБиблиотека в саду: Писатели античности, средневековья и Возрождения о книге, чтении, библиофильстве. _cСост. В.А.Эльвова |
||
| 300 | _a255 с. | ||
| 955 | _a2 | ||
| 041 | _arus | ||
| 080 | _a821.161.1 | ||
| 520 | 3 | _aСборник содержит произведения тридцати писателей Древней Греции, Древнего Рима, Византии, Англии, Испании, Италии и Нидерландов с V века до н.э. до начала XVII века. в философских диалогах и жизнеописаниях, в отрывках их трактатов и романов, в письмах | |
| 520 | 3 | _aи мемуарах писатели рассказывают о нравственной, социальной, эстетической, философской роли книги, о чтении, собирателях и ценителях книг. | |
| 260 |
_aМ. _bКнига _c1985 |
||
| 650 | 7 |
_a82 Література. Літературознавство _2UDC |
|
| 999 |
_c350382 _d350382 |
||